South Eastern Kenya University

Library Online Public Access Catalogue


Consumer lending / (Record no. 9076)

MARC details
000 -LEADER
fixed length control field 00552nam a2200145 a 4500
050 00 - LIBRARY OF CONGRESS CALL NUMBER
Classification number HG3755
Item number .B39 1987
100 1# - MAIN ENTRY--PERSONAL NAME
Personal name Beares, Paul.
245 10 - TITLE STATEMENT
Title Consumer lending /
Statement of responsibility, etc. Paul Beares.
260 ## - PUBLICATION, DISTRIBUTION, ETC. (IMPRINT)
Place of publication, distribution, etc. Washington, D.C. (1120 Connecticut Ave., N.W., Washington 20036) :
Name of publisher, distributor, etc. Education Policy & Development, American Bankers Association,
Date of publication, distribution, etc. c1987.
300 ## - PHYSICAL DESCRIPTION
Extent xi, 335 p. :
500 ## - GENERAL NOTE
General note Includes index.
500 ## - GENERAL NOTE
General note "058400"--Spine.
650 ## - SUBJECT ADDED ENTRY--TOPICAL TERM
General subdivision Bank loans ;
-- Loans, Personal ;
-- Consumer credit ;
-- Loans ;
-- Banks and banking ;
-- United States.
942 ## - ADDED ENTRY ELEMENTS (KOHA)
Source of classification or shelving scheme Library of Congress Classification
Koha item type General circulation
Holdings
Withdrawn status Lost status Source of classification or shelving scheme Damaged status Not for loan Home library Current library Shelving location Date acquired Cost, normal purchase price Total Checkouts Full call number Barcode Date last seen Cost, replacement price Koha item type Public note
    Library of Congress Classification     Main Campus Library Main Campus Library General Stacks 19/09/2015 1978.00   HG3755 .B39 1987 2015/005837 19/09/2015 2175.00 General circulation Nzk
Kitui, Kenya.
+254736116989
library@seku.ac.ke